Μουσική μορφολογία

Αποθηκεύτηκε σε:
Λεπτομέρειες βιβλιογραφικής εγγραφής
Κύριος συγγραφέας: Αθανασιάδης, Δημήτριος
Μορφή: Βιβλίο
Γλώσσα:Greek
Δημοσίευση: Θεσσαλονίκη : Μακεδονικό Ωδείο , 1990
Έκδοση:3η εκδ.συμπληρ.
Θέματα:
Ετικέτες: Προσθήκη ετικέτας
Δεν υπάρχουν, Καταχωρήστε ετικέτα πρώτοι!

MARC

LEADER 00000nam a2200000 i 4500
001 1/78220
008 960820s1990 gre d
035 |a 1993  |b 1  |c Σακελλαρίδης  |l 10032868 
040 |a GR-MY-UA  |b gre  |e aacr 
041 0 |a gre 
082 0 |a 781 
100 1 |a Αθανασιάδης, Δημήτριος. 
245 1 0 |a Μουσική μορφολογία /  |c Δημήτρης Αθανασιάδης 
250 |a 3η εκδ.συμπληρ. 
260 |a Θεσσαλονίκη :   |b Μακεδονικό Ωδείο ,   |c 1990 
300 |a 278 σ. 
650 0 0 |a Musical form. 
650 0 0 |a Music theory. 
852 |a INST  |b RHODES  |e 19960820  |h 781 ΑΘΑ  |p 005400009495  |q 005400009495  |t BK  |y 0 
909 |a Ρ  |b 025593  |c 1993 
970 |z 2000/07/ΚΑΤΕΡΙΝΑ